Statistics for College Football Matchups: Colorado

Click here to take the quiz!

General Stats

  • This quiz has been taken 43 times
  • The average score is 14 of 16

Answer Stats

# of GamesOpponentLast Meeting% Correct
91Colorado State08/30/2019
100%
23Oregon10/30/2021
97%
68Utah11/26/2021
94%
20Washington11/20/2021
94%
24Arizona10/16/2021
90%
*17UCLA11/13/2021
90%
65Iowa State11/13/2010
84%
59Oklahoma10/30/2010
84%
47Oklahoma State12/29/2016
84%
19Texas12/29/2020
84%
70Kansas11/06/2010
81%
66Kansas State11/20/2010
81%
75Missouri10/09/2010
81%
71Nebraska09/07/2019
81%
27Wyoming09/19/2009
77%
18Utah State09/19/1998
68%

Score Distribution

Percentile by Number Answered

Percent of People with Each Score

Your Score History

You have not taken this quiz